| 000 | 00545nam a2200121Ia 4500 | ||
|---|---|---|---|
| 008 | 220616s9999||||xx |||||||||||||| ||und|| | ||
| 100 | _aRedlich, Shimon | ||
| 245 | 0 |
_aLife in Transit _bJews in Postwar Lodz, 1945-1950 |
|
| 546 | _aEnglish[eng] | ||
| 650 | _aHistory||Biography||Autobiography||Hashomer Hatzair||Israel||Jews||Judaism||Lódz||Poland||Soviet Union||Warsaw||Zionism | ||
| 856 | _uhttps://library.oapen.org/bitstream/20.500.12657/30908/1/641433.pdf||https://library.oapen.org/bitstream/20.500.12657/30908/1/641433.pdf | ||
| 942 | _cEB | ||
| 999 |
_c20777 _d20777 |
||